Molecular methods in developmental biology : Xenopus and Zebrafish

Spremljeno u:
Bibliografski detalji
Format: Knjiga
Jezik:Undetermined
Izdano: Totawa, NJ Humana Press 1999
Teme:
Oznake: Dodaj oznaku
Bez oznaka, Budi prvi tko označuje ovaj zapis!
Thư viện lưu trữ: Trung tâm Học liệu Trường Đại học Cần Thơ
LEADER 00616nam a2200205Ia 4500
001 CTU_67712
008 210402s9999 xx 000 0 und d
020 |b 93 
082 |a 571.8616 
082 |b M718 
245 0 |a Molecular methods in developmental biology : 
245 0 |b Xenopus and Zebrafish 
245 0 |c Edited by Matthew Guille 
260 |a Totawa, NJ 
260 |b Humana Press 
260 |c 1999 
650 |a Embryology,Xenopus,Zebra danio 
650 |x Vertebrates,Laboratory manuals,Embryos,Laboratory manuals,Embryos 
904 |i Minh 
980 |a Trung tâm Học liệu Trường Đại học Cần Thơ